[Event "6th North Sea Cup"]
[Site "Esbjerg DEN"]
[Date "1981.07.??"]
[Round "6"]
[White "Hoei, Carsten"]
[Black "Jansa, Vlastimil"]
[Result "1/2-1/2"]
[WhiteElo "2415"]
[BlackElo "2465"]
[EventDate "1981.07.??"]
[PlyCount "81"]

1.d4 Nf6 2.c4 g6 3.Nc3 d5 4.Nf3 Bg7 5.cxd5 Nxd5 6.e4 Nxc3 7.bxc3 c5 8.Be3 
Qa5 9.Qd2 Nc6 10.Rc1 cxd4 11.cxd4 Qxd2+ 12.Kxd2 O-O 13.Bb5 f5 14.exf5 Bxf5
15.Bxc6 bxc6 16.Rxc6 Rab8 17.Ra1 Rb2+ 18.Ke1 Be4 19.Re6 Bxf3 20.gxf3 Bf6 
21.Ra6 Bh4 22.f4 Rc8 23.d5 Rcc2 24.Kd1 Re2 25.Rb1 Rxa2 26.Rxa7 Bxf2 27.
Rxa2 Rxa2 28.Bd2 Bc5 29.Rb8+ Kf7 30.Rh8 h5 31.h4 Ra1+ 32.Ke2 Rh1 33.Rh7+ 
Kg8 34.Rh6 Rh2+ 35.Ke1 Kg7 36.f5 Rxh4 37.Rxg6+ Kf7 38.Rc6 Bb4 39.Bxb4 Rxb4
40.Rh6 h4 41.d6 1/2-1/2

[Event "6th North Sea Cup"]
[Site "Esbjerg DEN"]
[Date "1981.07.??"]
[Round "6"]
[White "Jakobsen, Ole"]
[Black "Fries-Nielsen, Niels Joergen"]
[Result "1/2-1/2"]
[WhiteElo "2410"]
[BlackElo "2345"]
[EventDate "1981.07.??"]
[PlyCount "56"]

1.d4 Nf6 2.c4 d6 3.Nc3 e5 4.Nf3 Nbd7 5.e4 g6 6.Be2 Bg7 7.O-O O-O 8.Re1 h6 
9.Rb1 Kh7 10.b4 exd4 11.Nxd4 a5 12.a3 axb4 13.axb4 Ne5 14.f4 Ned7 15.Ndb5 
Nb8 16.Bf3 Nfd7 17.Qd3 Nf6 18.h3 Ne8 19.Be3 Nc6 20.Nd5 Be6 21.c5 dxc5 22.
Bxc5 Rg8 23.Red1 Qc8 24.Qc2 Bxd5 25.exd5 Nd8 26.Rbc1 Qd7 27.Qd3 Ra4 28.Re1
Ne6 1/2-1/2

[Event "6th North Sea Cup"]
[Site "Esbjerg DEN"]
[Date "1981.07.??"]
[Round "6"]
[White "Karlsson, Lars"]
[Black "Mortensen, Erling"]
[Result "1-0"]
[WhiteElo "2460"]
[BlackElo "2395"]
[EventDate "1981.07.??"]
[PlyCount "83"]

1.c4 e5 2.g3 Nc6 3.Bg2 g6 4.Nc3 Bg7 5.e3 d6 6.Nge2 f5 7.d3 Nf6 8.Rb1 O-O 
9.b4 Ne7 10.Qb3 c6 11.b5 Be6 12.Ba3 Re8 13.bxc6 bxc6 14.O-O Rc8 15.Qa4 Qc7
16.Bb4 Rb8 17.Qa3 c5 18.Ba5 Qd7 19.Nb5 Rec8 20.Nc7 Bf7 21.Nc3 Nc6 22.N7d5 
Nxd5 23.Nxd5 Ne7 24.Nxe7+ Qxe7 25.Bc3 Qc7 26.Rb3 Rxb3 27.axb3 Qd7 28.Ra1 
Rc7 29.Qb2 Bf8 30.Ra6 Qc8 31.Qa3 Qb8 32.h4 f4 33.exf4 exf4 34.Ba1 Be6 35.
Qb2 Bg7 36.Qe2 Re7 37.Bxg7 Kxg7 38.Bd5 Qe8 39.Bxe6 Rxe6 40.Rxa7+ Kh6 41.
Qg4 Re1+ 42.Kg2 1-0

[Event "6th North Sea Cup"]
[Site "Esbjerg DEN"]
[Date "1981.07.??"]
[Round "6"]
[White "Mestel, Andrew Jonathan"]
[Black "Csom, Istvan"]
[Result "1/2-1/2"]
[WhiteElo "2475"]
[BlackElo "2500"]
[EventDate "1981.07.??"]
[PlyCount "51"]

1.e4 c5 2.Nf3 d6 3.d4 cxd4 4.Nxd4 Nf6 5.Nc3 Nc6 6.f3 e6 7.Be3 Be7 8.Qd2 a6
9.g4 Qc7 10.g5 Nd7 11.O-O-O b5 12.Ncxb5 axb5 13.Qc3 Bb7 14.Nxb5 Qa5 15.
Qxg7 Rf8 16.a3 Nce5 17.f4 Bxe4 18.Bd2 Qa4 19.b3 Rc8 20.Bc3 Rxc3 21.bxa4 
Rxc2+ 22.Kb1 Rd2+ 23.Kc1 Rc2+ 24.Kb1 Rd2+ 25.Kc1 Rc2+ 26.Kb1 1/2-1/2

[Event "6th North Sea Cup"]
[Site "Esbjerg DEN"]
[Date "1981.07.??"]
[Round "6"]
[White "Nicholson, John"]
[Black "Iskov, Gert"]
[Result "1-0"]
[WhiteElo "2335"]
[BlackElo "2420"]
[EventDate "1981.07.??"]
[PlyCount "103"]

1.e4 c5 2.Nf3 e6 3.d4 cxd4 4.Nxd4 a6 5.Bd3 Nf6 6.O-O d6 7.c4 Be7 8.Nc3 O-O
9.Kh1 b6 10.f4 Bb7 11.Qe2 Nc6 12.Nf3 Nd7 13.Bd2 Nc5 14.Rac1 Nxd3 15.Qxd3 
Rc8 16.Be3 Nb8 17.Rfd1 Qc7 18.Nd2 Nd7 19.b4 d5 20.exd5 Bxb4 21.Nde4 Bxc3 
22.Rxc3 f5 23.Ng5 exd5 24.Rcc1 d4 25.Qxd4 Nc5 26.Qd6 Qxd6 27.Rxd6 Rfe8 28.
Bxc5 bxc5 29.Rcd1 h6 30.Ne6 Rc6 31.Rxc6 Bxc6 32.Rd8 Rxd8 33.Nxd8 Be4 34.
Kg1 Bd3 35.a3 Bxc4 36.Nb7 Kf7 37.Nd6+ Ke6 38.Nxc4 Kd5 39.Ne5 g5 40.Kf2 
gxf4 41.Nd3 Kd4 42.Ke2 a5 43.Kd2 f3 44.gxf3 c4 45.Nc1 c3+ 46.Ke2 a4 47.h3 
Ke5 48.Ke3 Kf6 49.Ne2 c2 50.h4 Kg6 51.Nf4+ Kf6 52.Kd2 1-0

[Event "6th North Sea Cup"]
[Site "Esbjerg DEN"]
[Date "1981.07.??"]
[Round "7"]
[White "Csom, Istvan"]
[Black "Hoei, Carsten"]
[Result "1-0"]
[WhiteElo "2500"]
[BlackElo "2415"]
[EventDate "1981.07.??"]
[PlyCount "61"]

1.Nf3 Nf6 2.c4 g6 3.g3 Bg7 4.Bg2 O-O 5.d4 d6 6.Nc3 Bg4 7.h3 Bxf3 8.Bxf3 
Nc6 9.Be3 Nd7 10.Bxc6 bxc6 11.Qa4 Qb8 12.Qxc6 Qxb2 13.Rc1 Nb6 14.O-O e6 
15.Rfd1 Rac8 16.Qb5 Qa3 17.c5 c6 18.Qd3 dxc5 19.dxc5 Na4 20.Nxa4 Qxa4 21.
Qc4 Qa5 22.Rd6 Be5 23.Rd7 Rcd8 24.Rcd1 h5 25.Kg2 Rb8 26.Qe4 Bg7 27.Qxc6 
Qxa2 28.Qf3 a5 29.c6 a4 30.c7 Rbc8 31.Bc5 1-0

[Event "6th North Sea Cup"]
[Site "Esbjerg DEN"]
[Date "1981.07.??"]
[Round "7"]
[White "Fries-Nielsen, Niels Joergen"]
[Black "Farago, Ivan"]
[Result "0-1"]
[WhiteElo "2345"]
[BlackElo "2515"]
[EventDate "1981.07.??"]
[PlyCount "24"]

1.b3 d5 2.e3 e5 3.Bb2 Bd6 4.Nf3 Qe7 5.c4 d4 6.exd4 exd4+ 7.Qe2 c5 8.Qxe7+ 
Nxe7 9.Bd3 Nbc6 10.a3 Bg4 11.Ng5 Ne5 12.Be4 h6 0-1

[Event "6th North Sea Cup"]
[Site "Esbjerg DEN"]
[Date "1981.07.??"]
[Round "7"]
[White "Iskov, Gert"]
[Black "Mestel, Andrew Jonathan"]
[Result "0-1"]
[WhiteElo "2420"]
[BlackElo "2475"]
[EventDate "1981.07.??"]
[PlyCount "120"]

1.e4 c5 2.Nf3 d6 3.d4 cxd4 4.Nxd4 Nf6 5.Nc3 g6 6.Be3 Bg7 7.f3 Nc6 8.Qd2 
Bd7 9.O-O-O Rc8 10.g4 Ne5 11.h4 h5 12.g5 Nh7 13.f4 Ng4 14.Bg1 O-O 15.Rh3 
a6 16.Nb3 Bc6 17.Nd5 b5 18.Rd3 e6 19.Nb6 Bxe4 20.Nxc8 Bxd3 21.Qxd3 Qxc8 
22.Qxd6 e5 23.Nc5 Qf5 24.fxe5 Bxe5 25.Qd3 Qf4+ 26.Kb1 a5 27.Nd7 Rd8 28.Bb6
Nf2 29.Bxf2 Qxf2 30.Qxb5 Bg7 31.Qe2 Qxh4 32.Bg2 Qxg5 33.Rd5 Qh4 34.a3 Nf8 
35.Nxf8 Rxd5 36.Bxd5 Bxf8 37.Qb5 Qe1+ 38.Ka2 h4 39.Qc4 Qf2 40.Qd3 Kh7 41.
Qc4 f5 42.Qc6 Qc5 43.Qe6 Bg7 44.c3 h3 45.Qg8+ Kh6 46.Qd8 Bf6 47.Qd7 Kg5 
48.Ba8 Qc4+ 49.Kb1 Kh6 50.Qd1 Qf4 51.Qh1 Qh4 52.Qd5 h2 53.Ka2 Qe4 54.Qxe4 
fxe4 55.Bxe4 Kg5 56.Kb3 Kf4 57.Bd5 Ke3 58.c4 g5 59.c5 g4 60.c6 Bd8 0-1

[Event "6th North Sea Cup"]
[Site "Esbjerg DEN"]
[Date "1981.07.??"]
[Round "7"]
[White "Jansa, Vlastimil"]
[Black "Jakobsen, Ole"]
[Result "1/2-1/2"]
[WhiteElo "2465"]
[BlackElo "2410"]
[EventDate "1981.07.??"]
[PlyCount "172"]

1.e4 c5 2.Nf3 d6 3.d4 cxd4 4.Nxd4 Nf6 5.Nc3 g6 6.g3 Nc6 7.Nde2 Bg7 8.Bg2 
O-O 9.O-O Bd7 10.h3 Rb8 11.a4 a6 12.Nd5 b5 13.axb5 axb5 14.Be3 Ne8 15.Nd4 
e6 16.Nxc6 Bxc6 17.Nb4 Bb7 18.c3 Qc8 19.Bd4 Bxd4 20.Qxd4 f5 21.exf5 Bxg2 
22.Kxg2 Rxf5 23.Rfe1 Ra8 24.Qe4 Rxa1 25.Rxa1 Nf6 26.Qa8 Qxa8+ 27.Rxa8+ Kf7
28.Ra7+ Ke8 29.Rb7 Ne4 30.f3 Nd2 31.f4 g5 32.Na6 gxf4 33.gxf4 Kd8 34.Rxh7 
Rxf4 35.Nc7 Rf6 36.Nxb5 Ne4 37.b4 Rf2+ 38.Kg1 Rc2 39.Nd4 Rc1+ 40.Kg2 e5 
41.Ne6+ Kc8 42.h4 Rxc3 43.Rg7 Nf6 44.Rf7 Rc4 45.Rxf6 Rxh4 46.b5 Rb4 47.Rf7
Rxb5 48.Rc7+ Kb8 49.Rd7 d5 50.Kf3 Kc8 51.Rc7+ Kb8 52.Rh7 Rb7 53.Rh8+ Ka7 
54.Rd8 Rb4 55.Rxd5 Kb6 56.Rxe5 Kc6 57.Ng5 Ra4 58.Ne4 Ra1 59.Rc5+ Kb6 60.
Rc2 Rd1 61.Ke3 Rd5 62.Nc3 Rh5 63.Kd4 Rh4+ 64.Ne4 Rh1 65.Nf6 Rd1+ 66.Ke5 
Kb5 67.Ne4 Kb4 68.Nd2 Rh1 69.Kd4 Rh4+ 70.Ne4 Kb3 71.Rd2 Rg4 72.Rh2 Rf4 73.
Rh8 Kc2 74.Rh3 Kb2 75.Re3 Rf8 76.Re2+ Ka3 77.Kc4 Rc8+ 78.Nc5 Rh8 79.Re7 
Rh4+ 80.Kc3 Rh3+ 81.Nd3 Ka4 82.Re5 Rg3 83.Rh5 Re3 84.Kd4 Rg3 85.Kc4 Rg4+ 
86.Kc3 Rg3 1/2-1/2

[Event "6th North Sea Cup"]
[Site "Esbjerg DEN"]
[Date "1981.07.??"]
[Round "7"]
[White "Keene, Raymond Dennis"]
[Black "Karlsson, Lars"]
[Result "0-1"]
[WhiteElo "2475"]
[BlackElo "2460"]
[EventDate "1981.07.??"]
[PlyCount "95"]

1.d4 Nf6 2.c4 e6 3.Nc3 Bb4 4.e3 c5 5.Ne2 cxd4 6.exd4 O-O 7.a3 Be7 8.Nf4 d5
9.cxd5 exd5 10.Be2 Bf5 11.g4 Be6 12.Bf3 Nc6 13.O-O Bd6 14.Re1 Qb6 15.g5 
Bxf4 16.Bxf4 Qxd4 17.Be3 Qh4 18.gxf6 d4 19.Bxc6 dxe3 20.Rxe3 bxc6 21.fxg7 
Rfd8 22.Qe1 Rd4 23.Rd1 c5 24.Rg3 Rad8 25.Rxd4 cxd4 26.Ne4 Bd5 27.Nc5 Bc6 
28.b4 Re8 29.Qd1 Qe7 30.f3 Qe3+ 31.Kg2 h5 32.h4 Qc3 33.Ne4 Qb2+ 34.Kg1 
Bxe4 35.fxe4 Rxe4 36.Qf1 Qa2 37.Rg2 Qe6 38.Qd3 Qf5 39.Qg3 Rg4 40.Qb8+ Kxg7
41.Qxa7 Qe4 42.Rxg4+ hxg4 43.Qc5 f6 44.Qc7+ Kg6 45.Qc4 Qe3+ 46.Kg2 Qf3+ 
47.Kg1 d3 48.b5 0-1

[Event "6th North Sea Cup"]
[Site "Esbjerg DEN"]
[Date "1981.07.??"]
[Round "7"]
[White "Mortensen, Erling"]
[Black "Nicholson, John"]
[Result "1-0"]
[WhiteElo "2395"]
[BlackElo "2335"]
[EventDate "1981.07.??"]
[PlyCount "71"]

1.e4 c5 2.Nf3 e6 3.Nc3 a6 4.d4 cxd4 5.Nxd4 Qc7 6.Be2 b5 7.O-O Bb7 8.Bf3 
Nc6 9.Nxc6 dxc6 10.Qe2 Bd6 11.g3 Nf6 12.Bg2 Be5 13.a4 O-O 14.Be3 b4 15.Nd1
c5 16.Qc4 Rfc8 17.f4 Bd4 18.c3 Bxe3+ 19.Nxe3 a5 20.cxb4 axb4 21.Rfd1 Nd7 
22.Qc2 e5 23.Nc4 exf4 24.gxf4 Ra6 25.Qd2 Nf8 26.f5 Rh6 27.e5 Bxg2 28.Qxg2 
Ng6 29.Rd6 Nf4 30.Qf3 Rh4 31.b3 h5 32.Rad1 Nh3+ 33.Kh1 Qe7 34.f6 Qf8 35.
Qg3 g5 36.Ne3 1-0

[Event "6th North Sea Cup"]
[Site "Esbjerg DEN"]
[Date "1981.07.??"]
[Round "8"]
[White "Farago, Ivan"]
[Black "Karlsson, Lars"]
[Result "1/2-1/2"]
[WhiteElo "2515"]
[BlackElo "2460"]
[EventDate "1981.07.??"]
[PlyCount "85"]

1.d4 Nf6 2.c4 e6 3.Nc3 Bb4 4.Qc2 b6 5.e4 Bb7 6.Bd3 Nc6 7.Ne2 e5 8.d5 Ne7 
9.a3 Bxc3+ 10.Qxc3 Ng6 11.O-O d6 12.Bg5 h6 13.Bxf6 Qxf6 14.f4 Bc8 15.f5 
Nf8 16.c5 dxc5 17.b4 Nd7 18.Bb5 O-O 19.Ng3 a5 20.Bxd7 axb4 21.axb4 Bxd7 
22.bxc5 bxc5 23.Qxc5 Qb6 24.Rac1 Rfc8 25.h3 Qf6 26.Rc3 Ra2 27.Kh2 Qg5 28.
Rf2 Ra1 29.Rfc2 h5 30.Qe3 Qxe3 31.Rxe3 h4 32.Nh1 Ba4 33.Rcc3 Rb8 34.Ra3 
Rxa3 35.Rxa3 Rb4 36.Nf2 Bc2 37.Re3 Rc4 38.Kg1 Kf8 39.Kf1 c6 40.dxc6 Rxc6 
41.Ke2 Ba4 42.Kf3 Rc2 43.Re2 1/2-1/2

[Event "6th North Sea Cup"]
[Site "Esbjerg DEN"]
[Date "1981.07.??"]
[Round "8"]
[White "Fries-Nielsen, Niels Joergen"]
[Black "Jansa, Vlastimil"]
[Result "1-0"]
[WhiteElo "2345"]
[BlackElo "2465"]
[EventDate "1981.07.??"]
[PlyCount "79"]

1.e4 c5 2.g3 Nc6 3.Bg2 g6 4.d3 Bg7 5.f4 e6 6.Nf3 Nge7 7.Nc3 d6 8.O-O O-O 
9.Be3 Nd4 10.Ng5 h6 11.Nh3 Kh7 12.Qd2 e5 13.Nd1 Bg4 14.Ndf2 Bf3 15.c3 Bxg2
16.Kxg2 Ne6 17.g4 exf4 18.Nxf4 Nxf4+ 19.Bxf4 d5 20.Qe2 Qd7 21.Rae1 b6 22.
Qf3 Rad8 23.Qh3 Nc6 24.Qh4 f6 25.Qg3 f5 26.exf5 gxf5 27.g5 hxg5 28.Qxg5 
Rde8 29.Nh3 Qf7 30.Kh1 Ne5 31.Qg3 Qf6 32.Ng5+ Kg8 33.Qh4 Qg6 34.Rg1 Nxd3 
35.Rxe8 Rxe8 36.Nh3 Qh7 37.Bh6 Re1 38.Qd8+ Kf7 39.Ng5+ Kg6 40.Nxh7+ 1-0

[Event "6th North Sea Cup"]
[Site "Esbjerg DEN"]
[Date "1981.07.??"]
[Round "8"]
[White "Jakobsen, Ole"]
[Black "Csom, Istvan"]
[Result "0-1"]
[WhiteElo "2410"]
[BlackElo "2500"]
[EventDate "1981.07.??"]
[PlyCount "82"]

1.e4 c5 2.Nf3 Nc6 3.d4 cxd4 4.Nxd4 Nf6 5.Nc3 d6 6.Bc4 Qb6 7.Nb3 e6 8.O-O 
a6 9.a4 Qc7 10.a5 Be7 11.Be2 Bd7 12.Be3 Nb4 13.Bb6 Qc8 14.f4 O-O 15.Kh1 e5
16.Nd2 exf4 17.Rxf4 Be6 18.Ra4 Nc6 19.Nc4 Nd7 20.Nd5 Bxd5 21.Qxd5 Nf6 22.
Qd1 Qe6 23.Ne3 Ne5 24.Nf5 Rac8 25.Rd4 Nfd7 26.Bg4 Nxg4 27.Rxg4 g6 28.Nxd6 
Nxb6 29.axb6 Rc6 30.e5 Rxb6 31.b3 Rd8 32.Nc4 Rxd4 33.Rxd4 Rc6 34.Rd5 b5 
35.Ne3 Rc3 36.Ng4 h5 37.Nf6+ Bxf6 38.exf6 Rxc2 39.h3 Rc6 40.Qd2 Qxf6 41.
Qh6 Rc8 0-1

[Event "6th North Sea Cup"]
[Site "Esbjerg DEN"]
[Date "1981.07.??"]
[Round "8"]
[White "Mestel, Andrew Jonathan"]
[Black "Mortensen, Erling"]
[Result "1-0"]
[WhiteElo "2475"]
[BlackElo "2395"]
[EventDate "1981.07.??"]
[PlyCount "111"]

1.e4 c5 2.Nf3 e6 3.d4 cxd4 4.Nxd4 Nf6 5.Nc3 d6 6.Be2 Be7 7.O-O Nc6 8.Be3 
Bd7 9.Ndb5 Qb8 10.a4 O-O 11.Bf4 Ne5 12.Bg3 a6 13.f4 Nc6 14.Na3 Rd8 15.Kh1 
Be8 16.Bf3 Qc7 17.Nc4 Nb4 18.Ne3 Bc6 19.f5 e5 20.a5 b5 21.axb6 Qxb6 22.Qe2
Qb7 23.Nc4 Bb5 24.Nxb5 axb5 25.Na3 Rab8 26.c3 Nc6 27.b4 Ne8 28.Nc2 Bg5 29.
h4 Bh6 30.Ne3 Bxe3 31.Qxe3 f6 32.Bf2 Nc7 33.Rfd1 Kf8 34.g4 h6 35.Kg2 Ke7 
36.Qd3 Rd7 37.Ra2 Rbd8 38.Rad2 Qa6 39.Qb1 Ra8 40.g5 hxg5 41.hxg5 Rh8 42.
Rh1 Qc8 43.Rdd1 Rxh1 44.Rxh1 Qg8 45.Rh3 Ne8 46.Qh1 Qc4 47.Rh8 Rd8 48.Qh7 
fxg5 49.Bb6 Rb8 50.Be3 g4 51.Bg5+ Kd7 52.Bxg4 Qxe4+ 53.Bf3 Qc2+ 54.Kg3 
Qxc3 55.Qg6 Nd4 56.Qf7+ 1-0

[Event "6th North Sea Cup"]
[Site "Esbjerg DEN"]
[Date "1981.07.??"]
[Round "8"]
[White "Nicholson, John"]
[Black "Keene, Raymond Dennis"]
[Result "0-1"]
[WhiteElo "2335"]
[BlackElo "2475"]
[EventDate "1981.07.??"]
[PlyCount "50"]

1.e4 g6 2.d4 Bg7 3.Nf3 c5 4.Nc3 Qa5 5.Be3 Nf6 6.Nd2 cxd4 7.Nb3 Qc7 8.Nxd4 
d6 9.Be2 O-O 10.g4 Nc6 11.g5 Ng4 12.Bxg4 Bxg4 13.Qxg4 Nxd4 14.O-O-O Qc4 
15.Rd3 Rfc8 16.Qd1 Nc6 17.a3 Bxc3 18.Rxc3 Qa2 19.f4 Na5 20.Bd4 Nc4 21.Rxc4
Rxc4 22.b3 Qxb3 23.Bb2 Rac8 24.Kb1 Rxc2 25.Qd4 R8c3 0-1

[Event "6th North Sea Cup"]
[Site "Esbjerg DEN"]
[Date "1981.07.??"]
[Round "9"]
[White "Csom, Istvan"]
[Black "Fries-Nielsen, Niels Joergen"]
[Result "1-0"]
[WhiteElo "2500"]
[BlackElo "2345"]
[EventDate "1981.07.??"]
[PlyCount "79"]

1.d4 c5 2.d5 e5 3.c4 d6 4.e4 Be7 5.Nf3 Nf6 6.Nc3 O-O 7.Be2 Na6 8.O-O Nc7 
9.a3 Nce8 10.Ne1 Nd7 11.g3 Bg5 12.f4 exf4 13.gxf4 Bh6 14.Nd3 Qe7 15.Bf3 f5
16.b3 Rb8 17.a4 b6 18.Ra2 Qf6 19.Rc2 a6 20.Kh1 fxe4 21.Nxe4 Qh4 22.Ng5 
Ndf6 23.Ne6 Bxe6 24.dxe6 Nc7 25.f5 Ne4 26.Qe1 Qxe1 27.Rxe1 Bxc1 28.e7 Rf6 
29.Bxe4 Bg5 30.Bc6 Kf7 31.Rce2 Rxf5 32.e8=Q+ Nxe8 33.Rxe8 Rxe8 34.Bxe8+ 
Kf8 35.Bc6 Bh4 36.Re4 Bg5 37.Kg2 Bf6 38.Bd7 Rg5+ 39.Rg4 Rh5 40.Bc8 1-0

[Event "6th North Sea Cup"]
[Site "Esbjerg DEN"]
[Date "1981.07.??"]
[Round "9"]
[White "Iskov, Gert"]
[Black "Jakobsen, Ole"]
[Result "1/2-1/2"]
[WhiteElo "2420"]
[BlackElo "2410"]
[EventDate "1981.07.??"]
[PlyCount "39"]

1.c4 e5 2.g3 Nf6 3.Bg2 d5 4.cxd5 Nxd5 5.Nc3 Nb6 6.Nf3 Nc6 7.O-O Be7 8.d3 
O-O 9.Be3 Be6 10.Qc1 f6 11.Rd1 Qc8 12.d4 exd4 13.Nxd4 Nxd4 14.Bxd4 c6 15.
Ne4 Bd5 16.Nc5 Bxg2 17.Kxg2 Re8 18.Qc2 Bxc5 19.Bxc5 Qe6 20.Bxb6 1/2-1/2

[Event "6th North Sea Cup"]
[Site "Esbjerg DEN"]
[Date "1981.07.??"]
[Round "9"]
[White "Jansa, Vlastimil"]
[Black "Farago, Ivan"]
[Result "1/2-1/2"]
[WhiteElo "2465"]
[BlackElo "2515"]
[EventDate "1981.07.??"]
[PlyCount "80"]

1.e4 e6 2.d4 d5 3.Nd2 Nf6 4.e5 Nfd7 5.c3 c5 6.Bd3 Nc6 7.Ne2 cxd4 8.cxd4 f6
9.exf6 Nxf6 10.Nf3 Bd6 11.O-O Qb6 12.Nc3 O-O 13.Be3 Bd7 14.Re1 Be8 15.Ng5 
Bd7 16.Rc1 Rae8 17.Nf3 Qd8 18.Bg5 Qb8 19.Bh4 Kh8 20.Bg3 Bxg3 21.hxg3 e5 
22.dxe5 Nxe5 23.Nxe5 Rxe5 24.Be2 Rfe8 25.Qd4 Qd6 26.Rc2 Ng4 27.Rf1 Rxe2 
28.Rxe2 Rxe2 29.Nxe2 Qh6 30.Rc1 Qh2+ 31.Kf1 h6 32.a4 Qh1+ 33.Ng1 Nh2+ 34.
Ke2 Qxg2 35.Rc7 Qf1+ 36.Kd2 Qxg1 37.Qf4 Qb1 38.Rxd7 Qxb2+ 39.Kd1 Qb1+ 40.
Kd2 Qb2+ 1/2-1/2

[Event "6th North Sea Cup"]
[Site "Esbjerg DEN"]
[Date "1981.07.??"]
[Round "9"]
[White "Karlsson, Lars"]
[Black "Nicholson, John"]
[Result "1-0"]
[WhiteElo "2460"]
[BlackElo "2335"]
[EventDate "1981.07.??"]
[PlyCount "45"]

1.c4 e6 2.g3 Nf6 3.Bg2 d5 4.Nf3 Be7 5.O-O O-O 6.b3 c5 7.cxd5 Nxd5 8.Bb2 
Nc6 9.Na3 Rb8 10.Ne5 Nxe5 11.Bxe5 Bd6 12.Bxd6 Qxd6 13.Nc4 Qe7 14.a3 b5 15.
Ne5 Qd6 16.Nf3 e5 17.Qc2 Nc7 18.a4 Ne6 19.axb5 Rxb5 20.Rxa7 Qb8 21.Ra3 Nd4
22.Nxd4 cxd4 23.Ra8 1-0

[Event "6th North Sea Cup"]
[Site "Esbjerg DEN"]
[Date "1981.07.??"]
[Round "9"]
[White "Keene, Raymond Dennis"]
[Black "Mestel, Andrew Jonathan"]
[Result "1-0"]
[WhiteElo "2475"]
[BlackElo "2475"]
[EventDate "1981.07.??"]
[PlyCount "83"]

1.d4 Nf6 2.c4 c5 3.d5 e5 4.Nc3 d6 5.e4 g6 6.Be2 Nbd7 7.Nf3 Nh5 8.O-O Nf4 
9.Bxf4 exf4 10.Qd2 g5 11.e5 dxe5 12.d6 Rb8 13.h4 gxh4 14.Rfe1 Qf6 15.Ne4 
Qh6 16.Qd5 Bg7 17.Nxc5 h3 18.Nxe5 Nxe5 19.d7+ Bxd7 20.Nxd7 hxg2 21.Bh5 
Qxh5 22.Rxe5+ Bxe5 23.Nf6+ Bxf6 24.Qxh5 O-O 25.Kxg2 Bg7 26.Rh1 h6 27.Rh4 
Rbe8 28.Rxf4 Re5 29.Rf5 Re6 30.b3 b6 31.Rf3 Re5 32.Qh3 Rd8 33.Rg3 Kh8 34.
Qg4 Rg5 35.Qf3 Rxg3+ 36.Kxg3 Be5+ 37.Kg2 Kg7 38.Qg4+ Kf8 39.Qh5 Bg7 40.c5 
Rc8 41.cxb6 axb6 42.Qb5 1-0

[Event "6th North Sea Cup"]
[Site "Esbjerg DEN"]
[Date "1981.07.??"]
[Round "9"]
[White "Mortensen, Erling"]
[Black "Hoei, Carsten"]
[Result "1/2-1/2"]
[WhiteElo "2395"]
[BlackElo "2415"]
[EventDate "1981.07.??"]
[PlyCount "72"]

1.e4 g6 2.d4 Bg7 3.Nc3 d6 4.f4 Nf6 5.Nf3 O-O 6.Be2 c5 7.dxc5 Qa5 8.O-O 
Qxc5+ 9.Kh1 Nbd7 10.Nd2 a6 11.a4 b6 12.Nb3 Qc7 13.Nd5 Nxd5 14.exd5 Bb7 15.
Bf3 Rac8 16.c3 Nf6 17.Qd3 Rfd8 18.Be3 e6 19.dxe6 fxe6 20.Rae1 Bxf3 21.Rxf3
Qc4 22.Qxc4 Rxc4 23.Bxb6 Rb8 24.a5 Nd5 25.Nd2 Ra4 26.g3 Nxb6 27.axb6 Rxb6 
28.Rxe6 Ra1+ 29.Kg2 Kf7 30.Rfe3 Rxb2 31.Rxd6 Raa2 32.Rd7+ Kf8 33.Rd8+ Kf7 
34.Rd7+ Kf8 35.Rd8+ Kf7 36.Rd7+ Kf8 1/2-1/2

[Event "6th North Sea Cup"]
[Site "Esbjerg DEN"]
[Date "1981.07.??"]
[Round "10"]
[White "Farago, Ivan"]
[Black "Nicholson, John"]
[Result "1-0"]
[WhiteElo "2515"]
[BlackElo "2335"]
[EventDate "1981.07.??"]
[PlyCount "53"]

1.d4 Nf6 2.c4 e6 3.Nc3 Bb4 4.Qc2 O-O 5.a3 Bxc3+ 6.Qxc3 b6 7.Nf3 Bb7 8.b4 
d6 9.Bb2 Nbd7 10.e3 Ne4 11.Qc2 f5 12.Bd3 a5 13.O-O Ng5 14.Nxg5 Qxg5 15.f4 
Qg6 16.d5 Nf6 17.Rf3 Qe8 18.Rg3 axb4 19.axb4 Rxa1+ 20.Bxa1 exd5 21.Bxf5 h6
22.cxd5 Bxd5 23.Qxc7 Rf7 24.Qxd6 Qa4 25.Bc3 Qd1+ 26.Kf2 Rd7 27.Qxf6 1-0

[Event "6th North Sea Cup"]
[Site "Esbjerg DEN"]
[Date "1981.07.??"]
[Round "10"]
[White "Fries-Nielsen, Niels Joergen"]
[Black "Iskov, Gert"]
[Result "1-0"]
[WhiteElo "2345"]
[BlackElo "2420"]
[EventDate "1981.07.??"]
[PlyCount "81"]

1.e4 g6 2.Nc3 Bg7 3.h4 h5 4.Bc4 d6 5.d4 Nc6 6.Be3 Nf6 7.f3 a6 8.a4 e5 9.d5
Ne7 10.a5 Bh6 11.Bxh6 Rxh6 12.Nh3 Kf8 13.Qd2 Kg7 14.Ng5 Rh8 15.Be2 Neg8 
16.Nd1 Nh7 17.Nxh7 Rxh7 18.Nf2 f5 19.exf5 gxf5 20.O-O-O Rh6 21.Rdg1 Kf8 
22.g3 c5 23.dxc6 bxc6 24.g4 hxg4 25.fxg4 Rxh4 26.Rxh4 Qxh4 27.Qxd6+ Qe7 
28.Qxe7+ Kxe7 29.gxf5 Bxf5 30.Rg7+ Kd6 31.Nd1 Ne7 32.Ne3 Be6 33.b4 Nf5 34.
Nxf5+ Bxf5 35.Rb7 c5 36.Rb6+ Kd5 37.Bxa6 Bc8 38.Bxc8 Rxc8 39.b5 Kc4 40.a6 
e4 41.Kd2 1-0

[Event "6th North Sea Cup"]
[Site "Esbjerg DEN"]
[Date "1981.07.??"]
[Round "10"]
[White "Hoei, Carsten"]
[Black "Keene, Raymond Dennis"]
[Result "1/2-1/2"]
[WhiteElo "2415"]
[BlackElo "2475"]
[EventDate "1981.07.??"]
[PlyCount "38"]

1.d4 g6 2.c4 Bg7 3.Nc3 c5 4.d5 Nf6 5.e4 d6 6.Nf3 O-O 7.Be2 e5 8.Bg5 h6 9.
Bd2 Nh5 10.g3 Na6 11.Ng1 Nf6 12.h4 h5 13.Nh3 Nc7 14.Ng5 Bd7 15.a3 Qc8 16.
b4 b6 17.Qb3 Nfe8 18.Rc1 Bh6 19.Qd1 Bg7 1/2-1/2

[Event "6th North Sea Cup"]
[Site "Esbjerg DEN"]
[Date "1981.07.??"]
[Round "10"]
[White "Jakobsen, Ole"]
[Black "Mortensen, Erling"]
[Result "0-1"]
[WhiteElo "2410"]
[BlackElo "2395"]
[EventDate "1981.07.??"]
[PlyCount "60"]

1.d4 Nf6 2.c4 g6 3.Nc3 Bg7 4.e4 O-O 5.Be3 d6 6.f3 e5 7.d5 c6 8.Qd2 cxd5 9.
cxd5 Nbd7 10.Bd3 Nc5 11.Bc2 a5 12.Nge2 Ne8 13.O-O f5 14.exf5 gxf5 15.a3 a4
16.Kh1 Bd7 17.f4 b6 18.Ng3 e4 19.Nh5 Bh8 20.Bd4 Qh4 21.Bxh8 Kxh8 22.Qd4+ 
Kg8 23.Ng3 Nf6 24.Nge2 Kf7 25.h3 Rg8 26.Qf2 Qh6 27.Rad1 Rg7 28.Nd4 Rag8 
29.Rg1 Ng4 30.Qe2 Qxf4 0-1

[Event "6th North Sea Cup"]
[Site "Esbjerg DEN"]
[Date "1981.07.??"]
[Round "10"]
[White "Jansa, Vlastimil"]
[Black "Csom, Istvan"]
[Result "1/2-1/2"]
[WhiteElo "2465"]
[BlackElo "2500"]
[EventDate "1981.07.??"]
[PlyCount "28"]

1.e4 c5 2.Nf3 a6 3.c4 d6 4.d4 cxd4 5.Nxd4 Nf6 6.Nc3 Nbd7 7.Be2 b6 8.O-O 
Bb7 9.Re1 e6 10.Bf1 Be7 11.b3 O-O 12.Bb2 Re8 13.Qd2 Qc7 14.Rac1 Rac8 
1/2-1/2

[Event "6th North Sea Cup"]
[Site "Esbjerg DEN"]
[Date "1981.07.??"]
[Round "10"]
[White "Mestel, Andrew Jonathan"]
[Black "Karlsson, Lars"]
[Result "1-0"]
[WhiteElo "2475"]
[BlackElo "2460"]
[EventDate "1981.07.??"]
[PlyCount "81"]

1.e4 c5 2.Nf3 Nc6 3.d4 cxd4 4.Nxd4 g6 5.Nc3 Bg7 6.Nde2 d6 7.g3 Bg4 8.Bg2 
Qd7 9.h3 Be6 10.Nd5 Nf6 11.Nef4 Bxd5 12.exd5 Ne5 13.O-O O-O 14.b3 Rfc8 15.
a4 Qf5 16.Ra2 h6 17.g4 Qd7 18.Ne2 Qc7 19.c4 Re8 20.Nd4 a6 21.Re1 Bf8 22.f4
Ned7 23.Rae2 Qc5 24.Kh1 Qb4 25.Bd2 Qc5 26.Bc3 Rab8 27.Qd2 Rbc8 28.Bf3 Qc7 
29.h4 Nc5 30.Bb2 Nh7 31.g5 Qd7 32.Ne6 Bg7 33.Bxg7 fxe6 34.dxe6 Qc7 35.Bxh6
Nf6 36.gxf6 exf6 37.e7 Qd7 38.f5 Qxf5 39.Qd5+ Qxd5 40.Bxd5+ Kh7 41.Bf8 1-0

[Event "6th North Sea Cup"]
[Site "Esbjerg DEN"]
[Date "1981.07.??"]
[Round "11"]
[White "Csom, Istvan"]
[Black "Farago, Ivan"]
[Result "1/2-1/2"]
[WhiteElo "2500"]
[BlackElo "2515"]
[EventDate "1981.07.??"]
[PlyCount "41"]

1.e4 c6 2.d4 d5 3.Nc3 dxe4 4.Nxe4 Bf5 5.Ng3 Bg6 6.Nf3 Nd7 7.h4 h6 8.h5 Bh7
9.Bd3 Bxd3 10.Qxd3 Qc7 11.Bd2 O-O-O 12.O-O-O Ngf6 13.Qe2 e6 14.Ne5 Nxe5 
15.dxe5 Nd7 16.Bc3 Be7 17.f4 Rhe8 18.Ne4 Nc5 19.Nxc5 Bxc5 20.Rxd8+ Rxd8 
21.Rd1 1/2-1/2

[Event "6th North Sea Cup"]
[Site "Esbjerg DEN"]
[Date "1981.07.??"]
[Round "11"]
[White "Iskov, Gert"]
[Black "Jansa, Vlastimil"]
[Result "0-1"]
[WhiteElo "2420"]
[BlackElo "2465"]
[EventDate "1981.07.??"]
[PlyCount "140"]

1.e4 c5 2.Nc3 Nc6 3.g3 g6 4.Bg2 Bg7 5.d3 d6 6.f4 e6 7.Nf3 Nge7 8.O-O O-O 
9.Be3 Nd4 10.Rb1 b6 11.Ne2 Nxf3+ 12.Bxf3 Bb7 13.c3 Qd7 14.d4 f5 15.Qd3 
fxe4 16.Bxe4 c4 17.Qc2 Nd5 18.Bd2 Nf6 19.Bxb7 Qxb7 20.Rbe1 Qd5 21.Nc1 b5 
22.Qd1 h5 23.Rf3 Rae8 24.Qe2 Ng4 25.h3 Nh6 26.Ref1 Qf5 27.Qg2 b4 28.g4 
hxg4 29.hxg4 Qxg4 30.Rg3 Qh4 31.Rxg6 Nf5 32.Rf3 Kf7 33.Rh3 Qe7 34.d5 exd5 
35.Rg5 Ke6 36.Rh7 Qf7 37.Rhxg7 Nxg7 38.Qxd5+ Ke7 39.Qb7+ Kf6 40.Qc6 Nf5 
41.cxb4 Qe6 42.Qb7 Re7 43.Qg2 Kf7 44.Ne2 d5 45.Nc3 Rd7 46.Qg4 Ke8 47.Rg6 
Qf7 48.Qg5 Ne7 49.Rg7 Qxg7 50.Qxg7 Rg8 51.Qxg8+ Nxg8 52.Nb5 Nf6 53.Kf2 Rh7
54.Bc3 Ne4+ 55.Ke3 a6 56.Nd4 Rh3+ 57.Nf3 Nxc3 58.bxc3 d4+ 59.Ke2 dxc3 60.
Ne1 Rh2+ 61.Kd1 Rxa2 62.Nc2 Rb2 63.Ne3 Rxb4 64.Kc2 a5 65.Nd5 Rb3 66.Nxc3 
Kd7 67.f5 Kd6 68.f6 Rb7 69.Ne4+ Ke5 70.Nc5 Rf7 0-1